CBI vote of no confidence on regions (Record no. 71263)

MARC details
000 -LEADER
fixed length control field 00954cam a2200229 4500
001 - CONTROL NUMBER
control field WB3836-15
008 - FIXED-LENGTH DATA ELEMENTS--GENERAL INFORMATION
fixed length control field 021001n2002 000 0 eng u
035 ## - SYSTEM CONTROL NUMBER
System control number (Sirsi) u119942
245 ## - TITLE STATEMENT
Title CBI vote of no confidence on regions
260 ## - PUBLICATION, DISTRIBUTION, ETC.
Date of publication, distribution, etc. 2002
490 ## - SERIES STATEMENT
Series statement CBI News Release
Volume/sequential designation 30 September 2002, (4)
520 ## - SUMMARY, ETC.
Summary, etc. The CBI has warned government that its members have given 'a vote of no confidence' on government plans to develop the English regions. A CBI report says that the new assemblies will take power from councils; it also praises the role of counties in local government.
590 ## - LOCAL NOTE (RLIN)
Local note WB
650 ## - SUBJECT ADDED ENTRY--TOPICAL TERM
Topical term or geographic name entry element REGIONAL ASSEMBLIES
650 ## - SUBJECT ADDED ENTRY--TOPICAL TERM
Topical term or geographic name entry element GOVERNMENT POLICIES
650 ## - SUBJECT ADDED ENTRY--TOPICAL TERM
Topical term or geographic name entry element COUNTIES
650 ## - SUBJECT ADDED ENTRY--TOPICAL TERM
Topical term or geographic name entry element REGIONAL DEVELOPMENT AGENCIES
650 ## - SUBJECT ADDED ENTRY--TOPICAL TERM
Topical term or geographic name entry element LOCAL COUNCILS
690 ## - LOCAL SUBJECT ADDED ENTRY--TOPICAL TERM (OCLC, RLIN)
Topical term or geographic name as entry element LOCAL GOVERNMENT
856 ## - ELECTRONIC LOCATION AND ACCESS
Host name http://www.cbi.org.uk/ndbs/press.nsf/0363c1f07c6ca12a8025671c00381cc7/4bec5a257a26b24680256c3200494c6e?OpenDocument
942 ## - ADDED ENTRY ELEMENTS (KOHA)
Suppress in OPAC 0
Holdings
Withdrawn status Lost status Source of classification or shelving scheme Damaged status Not for loan Home library Current library Shelving location Date acquired Total Checkouts Full call number Barcode Date last seen Copy number Price effective from Koha item type
    Dewey Decimal Classification     London London News article 01/10/2002   WB3836-15 119942-1001 06/08/2019 1 06/08/2019 News article